000 00737nam a2200241 i 4500
001 bg
100 1 _aMICHALAK, Sławomir
245 1 0 _aSymulacja układów elektronicznych w środowisku APLAC /
_cSławomir Michalak.
260 _aPoznaä :
_bWydawnictwo Politechniki Poznańskiej,
_c2005.
300 _a120, [2] s. :
_brys., wykr. ;
_c24 cm.
504 _aBibliogr.
650 9 _aUkłady elektroniczne
650 9 _aSymulacja
_xstosowanie
_xelektronika
650 9 _aAPLAC
_xstosowanie
655 _aPodręczniki akademickie
020 _a8371432739
040 _cBPK
041 0 _apol
080 _a621.3.049.77:004.42:004.94](075.8)
920 _a83-7143-273-9
942 _cKS
008 s pl f |000 0 pol
999 _c51858
_d51858
856 _uhttp://koha.tu.koszalin.pl/cgi-bin/koha/opac-detail.pl?biblionumber=51858
_yKatalog online BPK